000 00479nam a2200169Ia 4500
008 100401t1971 xxu||||| |||| 00| 0 sin d
041 _asin
080 _aX8S32
_bJAY
100 _aJayatilaka, K.
245 _aඑක ගෙයි අවුරුද්ද
246 _aEka Geyi Avruddha ( LIB 63 / 6 /25 )
260 _bPradeepa
_aColombo
_c1971
_c1979
_c1986
_c1996
_c2005
300 _a163p., 21 cm
942 _cBK
999 _c74111
_d74111
003 LK-CoDNM
040 _aLK-CoDNM
_dLK-CoDNM
_eLK-CoDNM